Juan Herrera, arquitecto de Felipe II / (Record no. 135793)

MARC details
000 -LEADER
campo de control de longitud fija 00596nam a2200181 4500
001 - NÚMERO DE CONTROL
campo de control 135793
003 - IDENTIFICADOR DE NÚMERO DE CONTROL
campo de control ES-MaACL
005 - FECHA Y HORA DE LA ÚLTIMA TRANSACCIÓN
campo de control 20250820142500.0
007 - CAMPO FIJO DE DESCRIPCIÓN FÍSICA--INFORMACIÓN GENERAL
campo de control de longitud fija t|
008 - DATOS DE LONGITUD FIJA--INFORMACIÓN GENERAL
campo de control de longitud fija 070214s1936 sp r ||||1| spa d
100 1# - ENTRADA PRINCIPAL--NOMBRE DE PERSONA
Nombre de persona Ruiz de Arcaute, Agustín.
9 (RLIN) 100724
245 10 - MENCIÓN DEL TÍTULO
Título Juan Herrera, arquitecto de Felipe II /
Mención de responsabilidad, etc. por Agustín Ruiz de Arcaute ; prólogo de D. Teodoro Anasagasti.
260 ## - PUBLICACIÓN, DISTRIBUCIÓN, ETC.
Lugar de publicación, distribución, etc. Madrid :
Nombre del editor, distribuidor, etc. Espasa-Calpe,
Fecha de publicación, distribución, etc. 1936.
300 ## - DESCRIPCIÓN FÍSICA
Extensión 198 p., 20 lám. ;
Dimensiones 25 cm.
700 1# - ENTRADA AGREGADA--NOMBRE PERSONAL
Nombre de persona Anasagasti, Teodoro de,
Fechas asociadas al nombre 1880-1938
9 (RLIN) 21375
852 ## - LOCALIZACIÓN
Ubicación ES-MaACL
Número de control de estantería B-10364
Sublocalización o colección R.21789
Holdings
Estatus retirado Estado de pérdida Estado de daño No para préstamo Biblioteca de origen Biblioteca actual Ubicación en estantería Fecha de adquisición Fuente de adquisición Total de préstamos Signatura topográfica completa Código de barras Visto por última vez Precio de reemplazo Tipo de ítem Koha
        Biblioteca del Ateneo de Madrid Biblioteca del Ateneo de Madrid Sala Pardo Bazán 17/01/2008     B-10364 1141331 23/02/2023 23/02/2023 Libro impreso